banner koha

Investigação do uso de Musa paradisiaca no tratamento de indivíduos com doenças respiratórias na cidade de Curitiba-PR (Registro n. 327806)

MARC details
000 -LÍDER
fixed length control field 04933nab a2200325 i 4500
003 - CÓDIGO MARC DA AGÊNCIA CATALOGADORA
Campo de controle BR-BrBNA
005 - DATA E HORA DA ÚLTIMA ATUALIZAÇÃO
Campo de controle 20240925104026.0
008 - CAMPO DE TAMANHO FIXO
fixed length control field 240925b2021 bl.qr|pooa||| 00| 0 por |
040 ## - FONTE DA CATALOGAÇÃO
Agência catalogadora BR-BrBNA
Idioma da catalogação por
072 ## - CATEGORIA AGRIS
Código AGRIS S01
100 ## - ENTRADA PRINCIPAL - NOME PESSOAL
Nome pessoal Bovo, Fernanda
100 ## - ENTRADA PRINCIPAL - NOME PESSOAL
Nome pessoal Pontes, Flávia Lada Degaut
100 ## - ENTRADA PRINCIPAL - NOME PESSOAL
Nome pessoal Vilhena, Raquel de Oliveira
100 ## - ENTRADA PRINCIPAL - NOME PESSOAL
Nome pessoal Marson, Breno Mauricio
100 ## - ENTRADA PRINCIPAL - NOME PESSOAL
Nome pessoal Perez, Elisa
100 ## - ENTRADA PRINCIPAL - NOME PESSOAL
Nome pessoal Reason, Iara José de Messias
245 ## - TÍTULO PRINCIPAL
Título principal Investigação do uso de Musa paradisiaca no tratamento de indivíduos com doenças respiratórias na cidade de Curitiba-PR
500 ## - NOTA GERAL
Nota geral Publicação on-line; 22 ref.; 2 illus.; Summaries (En, Pt)
942 ## - ADDED ENTRY ELEMENTS (KOHA)
Koha item type Analítica
520 ## - NOTA DE RESUMO
Nota de conteúdo <br/>RESUMO: <br/><br/>A asma alérgica é uma doença crônica caracterizada pela inflamação das vias<br/>aéreas. Essa doença é considerada um problema de saúde pública e estima-se que afete<br/>300 milhões de pessoas em todo o mundo. No Brasil, grande parte da população afetada<br/>pela asma não tem acesso aos medicamentos ou não responde ao tratamento, resultando<br/>em um número considerável de pacientes frequentando os pronto-socorros. Nesse contexto,<br/>tratamentos alternativos com plantas medicinais tornam-se relevantes, pois são de fácil acesso<br/>e baixo custo. Dentre essas plantas, destaca-se a espécie Musa paradisiaca, popularmente<br/>conhecida como bananeira, da qual é utilizada a inflorescência para tratar doenças respiratórias.<br/>Tendo em vista o uso popular, o presente estudo teve por objetivo investigar o uso dessa<br/>planta, verificando desde a parte utilizada, o modo de preparo, a forma de utilização, o tempo<br/>de consumo, a melhora dos sintomas, os possíveis efeitos colaterais e o uso concomitante de<br/>outros medicamentos. O estudo foi do tipo descritivo transversal realizado com 21 participantes<br/>e a coleta de dados realizou-se através de questionário impresso. Entre os participantes, 81%<br/>descreveram que preparavam o xarope, misturando as inflorescências com mel. Com relação<br/>à finalidade terapêutica, a maioria relatou utilizar para asma (52,4%) e bronquite (28,6%). Além<br/>disso, todos os pacientes relataram melhora nos sintomas após o tratamento. Esses resultados<br/>indicam uma possível ação anti-inflamatória da inflorescência de bananeira. Entretanto, estudos<br/>mais aprofundados acerca da composição química e ação farmacológica devem ser realizados<br/>a fim de garantir a segurança do paciente e a eficácia do tratamento.<br/><br/>Palavras-chave: asma, banana, bronquite, inflorescências, Musa paradisiaca.
520 ## - NOTA DE RESUMO
Nota de conteúdo <br/>ABSTRACT: <br/><br/>Research on the use of Musa paradisiaca in the treatment of individuals<br/>with respiratory diseases in the city of Curitiba-PR. Allergic asthma is a chronic disease<br/>characterized by inflammation of the airways. This disease is considered a public health problem<br/>and is estimated to affect 300 million people worldwide. In Brazil, a large part of the population<br/>affected by asthma has no access to medicines or does not respond to treatment, resulting in<br/>a considerable number of patients attending the emergency room. In this context, alternative<br/>treatments with medicinal plants become relevant as they are easily accessible and inexpensive.<br/>Among these plants, it stands out the species Musa paradisiaca, popularly known as banana,<br/>from which the inflorescence is used to treat respiratory diseases. In view of the popular use,<br/>the present study aimed to investigate the use of this plant, verifying from the part used, the way<br/>of preparation, the form of use, the time of consumption, the improvement of the symptoms, the<br/>possible side effects and concomitant use of other medicines. The cross-sectional descriptive<br/>study was carried out with 21 participants and the data collection was done through a printed <br/>questionnaire. Among the participants, 81% described that they prepared the syrup by mixing<br/>the inflorescences with honey. Regarding the therapeutic purpose, most reported use for asthma<br/>(52.4%) and bronchitis (28.6%). In addition, all patients reported improvement in symptoms after<br/>treatment. These results indicate a possible anti-inflammatory action of the banana inflorescence.<br/>However, further studies on the chemical composition and pharmacological action should be<br/>performed in order to guarantee patient safety and treatment efficacy.<br/><br/>Key words: asthma, banana, bronchitis, inflorescences, Musa paradisiaca.
650 ## - ASSUNTO - THESAGRO
Cabeçalho tópico ou nome geográfico DOENÇA
650 ## - ASSUNTO - THESAGRO
Cabeçalho tópico ou nome geográfico BRONQUITE
650 ## - ASSUNTO - THESAGRO
Cabeçalho tópico ou nome geográfico BANANA
650 ## - ASSUNTO - THESAGRO
Cabeçalho tópico ou nome geográfico INFLORESCÊNCIA
650 ## - ASSUNTO - THESAGRO
Cabeçalho tópico ou nome geográfico MUSA PARADISÍACA
773 0# - ENTRADA ANALÍTICA
Host Biblionumber 3543
Registro do item 344691
Imprenta Botucatu-SP Instituto de Biociências - Departamento de Química e Bioquímica 1998
Outro identificador 2024-5023
Título Revista Brasileira de Plantas Medicinais (Brazil)
ISSN 1516-0572
Colação v. 23(3) p. 140-145; (2021)
Número de controle de registro BR2024002663
856 ## - ACESSO E ENDEREÇO ELETRÔNICO
Identificador uniforme de recurso - URI https://www.sbpmed.org.br/admin/files/papers/file_2HU379io92sS.pdf

Nenhum exemplar disponível.

BINAGRI

Telefone: (61)3218-2567/2388/3357/2097 - binagri@agro.gov.br

Ministério da Agricultura e Pecuária , Esplanada dos Ministérios, Bloco D, Anexo B, Brasília/DF, CEP: 70.043-900